000 01060nam0a2200289 4500
001 RU\NLR\b_ik\155957
005 20250616230133.0
035 _a(NLR Aleph) 002228934
090 _a3400805
_c3400805
100 _a20070209d2004 |||y0rusy50 ca
101 0 _aeng
102 _aRU
105 _aach |||||||||
200 1 _aDeaf olympian
_e[Valery Rukhledev
_fauth. L. Komissarova]
210 _aSaint-Petersbourg
_cPavel
_d2004
215 _a78 с., [32] л. ил., цв. ил., факс., портр.
_d21
300 _aАвт. указан на обороте тит. л..
541 0 _aГлухой олимпиец (В.Н. Рухледев)
_zrus
600 0 1 _aРухледев
_bВ. Н.
_f1948
_gВалерий Никитич
_92458302
_3RU\NLR\AUTH\661460992
686 4 _aЧ517.153(2)7-8Рухледев
700 1 _aKomissarova
_bL.
_4070
702 1 _aRuchledev
_bV. N.
_f1948-
_gValerij Nikitič
_4570
801 0 _aRU
_bNLR
_c20070209
_gRCR
942 _cBOOK
980 _aNB